Super Trouper (Part-1) (Record no. 46992)

MARC details
000 -LEADER
fixed length control field 00963njm a22003017a 4500
005 - DATE AND TIME OF LATEST TRANSACTION
control field 20100920124536.0
007 - PHYSICAL DESCRIPTION FIXED FIELD--GENERAL INFORMATION
fixed length control field sd ammalaaahaa
008 - FIXED-LENGTH DATA ELEMENTS--GENERAL INFORMATION
fixed length control field 100904t xxu||||| |||| 00| 0 hin d
028 ## - PUBLISHER NUMBER
Publisher number 2311 043
Source POLYDOR
028 ## - PUBLISHER NUMBER
Publisher number 2311 043
Source POLYDOR
035 ## - SYSTEM CONTROL NUMBER
System control number GR-03610
040 ## - CATALOGING SOURCE
Original cataloging agency SED/VEN
100 ## - MAIN ENTRY--PERSONAL NAME
9 (RLIN) 1184
245 ## - TITLE STATEMENT
Title Super Trouper (Part-1)
Remainder of title Hindi Songs /
Medium [Sound Recording] :
260 ## - PUBLICATION, DISTRIBUTION, ETC. (IMPRINT)
Place of publication, distribution, etc Dum Dum, India :
Name of publisher, distributor, etc POLYDOR
300 ## - PHYSICAL DESCRIPTION
Extent 1 sound disc [Gramophone Recording] :
Other physical details analog, 33 1/3 rpm ;
Dimensions 12 in. [LP]
Type of unit Gramophone Records
500 ## - GENERAL NOTE
General note Brief Records
500 ## - GENERAL NOTE
General note Record Lables: POLYDOR, Red
505 ## - FORMATTED CONTENTS NOTE
Formatted contents note 1; Super Trouper (4.13), 2; Happy New Year (4.37) Part-2
600 ## - SUBJECT ADDED ENTRY--PERSONAL NAME
9 (RLIN) 20735
650 ## - SUBJECT ADDED ENTRY--TOPICAL TERM
Topical term or geographic name as entry element Classical Music
General subdivision Excerpts
Geographic subdivision India
9 (RLIN) 18309
700 ## - ADDED ENTRY--PERSONAL NAME
9 (RLIN) 18319
700 ## - ADDED ENTRY--PERSONAL NAME
9 (RLIN) 18320
700 ## - ADDED ENTRY--PERSONAL NAME
9 (RLIN) 19413
700 ## - ADDED ENTRY--PERSONAL NAME
9 (RLIN) 19439
942 ## - ADDED ENTRY ELEMENTS (KOHA)
Source of classification or shelving scheme Dewey Decimal Classification
Item type Gramaphone Records
Holdings
Withdrawn status Lost status Source of classification or shelving scheme Damaged status Not for loan Collection code Home library Current library Shelving location Date acquired Source of acquisition Total Checkouts Barcode Date last seen Copy number Price effective from Koha item type
    Dewey Decimal Classification   Not For Loan Non-fiction Central Library Central Library Audio Visual 20/09/2010 SED/VEN   GR-03610 20/09/2010 1 20/09/2010 Gramaphone Records

© Delhi Public Library
Hit Counter
free hit counter